[Event "IECG C3.2001.0.00171"]
[Site "IECG email"]
[Date "2001.01.31"]
[Round "?"]
[White "Tavakoli, Fariba"]
[Black "Costanzo, Flavio"]
[Result "0-1"]
[WhiteElo "1151"]
[BlackElo "1188"]
[PlyCount "36"]
[EventDate "2001.01.31"]
[EventType "tourn (corr)"]
[EventRounds "6"]
[SourceTitle "Corr 2008"]
[Source "ChessBase"]
[SourceDate "2008.06.24"]
[SourceVersion "1"]
[SourceVersionDate "2008.06.24"]
[SourceQuality "1"]

1. e4 e5 2. Nf3 Nc6 3. Bb5 a6 4. Bxc6 dxc6 5. 0-0 Qd6 6. d3 f6 7. Be3 Be6 8. Nbd2 0-0-0 9. Nb3 Qd7 10. Nc5 Bxc5 11. Bxc5 h5 12. Nd2 g5 13. Nb3 h4 14. Be3 b6 15. Qe2 h3 16. g3 Kb7 17. Nd2 Nh6 18. a4 a5 0-1

[Event "IECG C3.2001.0.00171"]
[Site "IECG email"]
[Date "2001.01.31"]
[Round "?"]
[White "Tavakoli, Fariba"]
[Black "Schott, Thomas E"]
[Result "0-1"]
[WhiteElo "1151"]
[BlackElo "1235"]
[PlyCount "24"]
[EventDate "2001.01.31"]
[EventType "tourn (corr)"]
[EventRounds "6"]
[SourceTitle "Corr 2008"]
[Source "ChessBase"]
[SourceDate "2008.06.24"]
[SourceVersion "1"]
[SourceVersionDate "2008.06.24"]
[SourceQuality "1"]

1. e4 g6 2. d4 Bg7 3. Nc3 d6 4. Be3 c6 5. Qd2 Nf6 6. Bh6 Bxh6 7. Qxh6 Qa5 8. 0-0-0 Be6 9. Kb1 Nbd7 10. f3 Nb6 11. g4 0-0-0 12. Qe3 h6 0-1

[Event "IECG CN.2000.0.00207"]
[Site "IECG email"]
[Date "2000.08.08"]
[Round "?"]
[White "Offergeld, Frank"]
[Black "Tavakoli, Fariba"]
[Result "0-1"]
[WhiteElo "800"]
[BlackElo "800"]
[PlyCount "65"]
[EventDate "2000.08.08"]
[EventType "tourn (corr)"]
[EventRounds "6"]
[SourceTitle "Corr 2008"]
[Source "ChessBase"]
[SourceDate "2008.06.24"]
[SourceVersion "1"]
[SourceVersionDate "2008.06.24"]
[SourceQuality "1"]

1. d4 Nf6 2. c4 e6 3. Nc3 Bb4 4. Bd2 d5 5. e3 0-0 6. Nf3 Nbd7 7. Rc1 a5 8. Bd3 b6 9. a3 Bd6 10. e4 dxe4 11. Nxe4 Nxe4 12. Bxe4 Rb8 13. 0-0 Nf6 14. Bg5 h6 15. Bxf6 Qxf6 16. Re1 c5 17. Ne5 cxd4 18. Nc6 Rb7 19. Qxd4 Qxd4 20. Nxd4 Rd7 21. Nc6 Bf4 22. Rcd1 f5 23. Bc2 Rff7 24. g3 Rxd1 25. Rxd1 Bc7 26. Nd8 Rd7 27. Rxd7 Bxd7 28. Nb7 Bc6 29. Nxa5 bxa5 30. b4 Kf7 31. Bd3 Bf3 32. b5 Bd6 33. a4 0-1

[Event "IECG CN.2000.0.00207"]
[Site "IECG email"]
[Date "2000.08.08"]
[Round "?"]
[White "Tavakoli, Fariba"]
[Black "Varela, Marcos"]
[Result "1-0"]
[WhiteElo "800"]
[BlackElo "800"]
[PlyCount "53"]
[EventDate "2000.08.08"]
[EventType "tourn (corr)"]
[EventRounds "6"]
[SourceTitle "Corr 2008"]
[Source "ChessBase"]
[SourceDate "2008.06.24"]
[SourceVersion "1"]
[SourceVersionDate "2008.06.24"]
[SourceQuality "1"]

1. c4 e5 2. Nc3 Nf6 3. g3 Bc5 4. Bg2 0-0 5. d3 c6 6. Nf3 d6 7. 0-0 Bg4 8. Bd2 Nbd7 9. a3 a5 10. h3 Bh5 11. Ng5 Qe7 12. Qe1 Rfc8 13. Rc1 h6 14. Nge4 Nxe4 15. Nxe4 Bb6 16. Kh2 Re8 17. f4 d5 18. cxd5 cxd5 19. Nc3 d4 20. Nd5 Qd6 21. f5 Bd8 22. b4 axb4 23. Bxb4 Qb8 24. g4 e4+ 25. Qg3 Qxg3+ 26. Kxg3 exd3 27. exd3 1-0